Riconosci il Pokémon - Quiz n°18 - Statistics

Statistiche generali
  • Questo quiz è stato fatto 18 volte
  • Il punteggio medio è 7 su 10
Statistiche sulle risposte
Indizio Risposta % Corretto
Generazione Quarta
100%
Tipo Coleottero
94%
Stadio evoluzione Forma Base
88%
Tasso di cattura 255 (43.9%)
75%
Abilità Muta; Fugafacile
75%
Altezza 0,3 m
69%
Peso 2,2 kg
69%
Sesso 50% ♂, 50% ♀
69%
Tasso di allevamento Medio-Lento
63%
Pokémon Kricketot
38%
Nessun quiz corrispondente trovato
Distribuzione punteggi
Percentuale di utenti per punteggio
Percentile per numero di risposta
I tuoi punteggi nel tempo
Non hai fatto questo quiz